Mezinárodní finanční trhy na prahu 21. století

Medzinárodné finančné trhy sú umiestnené v tradičných finančných centrách a v exotických off-shore centrách. Z hľadiska obchodovaných inštrumentov rozdeľujeme eurofinančné trhy na päť segmentov: euromenový trh, euroúverový trh, eurobondový trh, euronotes trh, euroakciový trh.

Na minha lista:
Detalhes bibliográficos
Autor principal: Frait, Jan
Formato: Capítulo de Livro
Idioma:tcheco
Assuntos:
Tags: Adicionar Tag
Sem tags, seja o primeiro a adicionar uma tag!

MARC

LEADER 00000naa a2200000 4500
001 r033232
005 20230908085407.9
041 0 |a cze 
044 |a CZ 
245 1 0 |a Mezinárodní finanční trhy na prahu 21. století  |c Jan Frait 
520 |a Medzinárodné finančné trhy sú umiestnené v tradičných finančných centrách a v exotických off-shore centrách. Z hľadiska obchodovaných inštrumentov rozdeľujeme eurofinančné trhy na päť segmentov: euromenový trh, euroúverový trh, eurobondový trh, euronotes trh, euroakciový trh. 
610 2 0 |a trh finančný medzinárodný 
610 2 0 |a euroakcie 
610 2 0 |a euroobligácie 
610 2 0 |a euromena 
610 2 0 |a eurozmenky 
610 2 0 |a úver zahraničný 
610 2 0 |a emisia 
610 2 0 |a offshore 
100 1 |a Frait, Jan